000 00788cam a2200277 4500
001 B3400
008 090401t1991 xxu||||| |||| 00| 0 eng d
035 _a(Sirsi) u55840
041 _aeng
050 _a333.337016
110 _aHillier Parker Research
_92002
245 _aICHP rent index . - March - December 1991.
260 _aLondon
_bHillier Parker May and Rowden
_c1991
300 _a4 pt. ; 30cm.
350 _a0
520 _aPublished quarterly. - Previously published as part of ICHP Property Market Indicators q.v.
650 _aINDEXES
650 _aINDUSTRIAL PROPERTY
650 _aOFFICES
650 _aPROPERTY MARKET INDICATORS
650 _aRENT INDEX
650 _aSHOPS
710 _aInvestors Chronicle
_92657
942 _n0
948 _c04/03/1997
999 _c93658
_d93658